Statistics for FNF - Friday Night Funkin’ Songs (Base Game Only)

Click here to take the quiz!

General Stats

  • This quiz has been taken 445 times
    (374 since last reset)
  • The average score is 18 of 22

Answer Stats

OpponentSong% Correct
GirlfriendTutorial
95%
Daddy DearestDad Battle
89%
Mommy MearestM.I.L.F
87%
PicoPico
87%
Skid and PumpSouth
86%
TankmanUgh
85%
Daddy DearestFresh
82%
MonsterMonster
82%
PicoBlammed
81%
TankmanGuns
81%
SenpaiRoses
81%
Skid and PumpSpookeez
81%
Daddy DearestBopeebo
80%
SenpaiSenpai
79%
TankmanStress
79%
SenpaiThorns
77%
PicoPhilly
76%
MonsterWinter Horrorland
74%
Mommy MearestHigh
73%
Mommy MearestSatin Panties
72%
Dad & MomCocoa
69%
Dad & MomEggnog
69%

Score Distribution

Percentile by Number Answered

Percent of People with Each Score

Your Score History

You have not taken this quiz since the last reset